Estaciones más recientes del metro de Madrid - Estadísticas

Estadísticas generales
  • Esta prueba ha sido intentada 133 veces
  • La puntuación promedio es 12 de 32
Estadísticas de respuestas
Año de inauguración Estación % Correcto
2015 Paco de Lucía
61%
2007 San Fernando
58%
2007 Hospital Infanta Sofía
52%
2007 Coslada Central
51%
2007 Jarama
51%
2008 Hospital de Henares
50%
2007 Henares
49%
2007 Aeropuerto T4
47%
2007 Estadio Metropolitano
45%
2007 Baunatal
43%
2007 La Granja
43%
2007 La Moraleja
43%
2007 Las Tablas
41%
2007 Reyes Católicos
41%
2011 Mirasierra
40%
2010 La Fortuna
39%
2008 Rivas Futura
39%
2007 Ronda de la Comunicación
37%
2007 La Rambla
36%
2019 Arroyofresno
35%
2007 Barrio del Puerto
34%
2007 Manuel de Falla
33%
2007 Marqués de la Valdavia
32%
2007 Valdecarros
31%
2007 La Gavia
30%
2007 Las Suertes
27%
2007 Pinar de Chamartín
25%
2007 Bambú
22%
2007 Hortaleza
18%
2007 Manoteras
17%
2007 Pinar del Rey
15%
2007 Arganzuela-Planetario
12%
No se encontraron pruebas coincidentes
Distribución de puntuación
Porcentaje de gente con cada puntuación
Porcentaje por número respondido
Historial de tus puntuaciones
No has intentado esta prueba.